Statistics for Countries that have competed in the Australian Rules Football International Cup

Click here to take the quiz!

General Stats

  • This quiz has been taken 38 times
  • The average score is 17 of 23

Answer Stats

Hint 2014 % Correct
8thUSA
100%
3rdNew Zealand
94%
5thCanada
94%
14thJapan
91%
4thSouth Africa
91%
Runner-upIreland
88%
WinnerPapua New Guinea
85%
11thFrance
85%
10thFiji
85%
16thChina
82%
9thUK
82%
17thIndonesia
82%
6thTonga
79%
18thIndia
79%
Samoa
76%
Spain
74%
12thPakistan
65%
13thSweden
65%
Denmark
62%
7thNauru
56%
East Timor
41%
Peace Team (Israel/Palestine)
35%
15thFinland
32%

Score Distribution

Percentile by Number Answered

Percent of People with Each Score

Your Score History

You have not taken this quiz